header

AMERICAN (Record no. 252305)

MARC details
000 -LEADER
fixed length control field 00201nam a22000977a 4500
020 ## - INTERNATIONAL STANDARD BOOK NUMBER
ISBN 0803289707
100 ## - MAIN ENTRY--AUTHOR NAME
Personal name JOHN WAYNE
245 ## - TITLE STATEMENT
Title AMERICAN
260 ## - PUBLICATION, DISTRIBUTION, ETC. (IMPRINT)
Place of publication NEWYORK
Name of publisher RANDY ROBBERTS
Year of publication 1997
942 ## - ADDED ENTRY ELEMENTS (KOHA)
Koha item type Long Loan Books

No items available.

© 2026 Rongo University
Contact us: librarian | system librarian | Rongo university